Personatges de Plats Bruts - Estadísticas

Estadísticas generales
  • Esta prueba ha sido intentada 14 veces
  • La puntuación promedio es 9 de 11
Estadísticas de respuestas
Imagen Respuesta % Correcto
Carbonell
100%
David
100%
Lopes
100%
Emma
91%
Mercedes
91%
Pol
91%
Marujito
73%
Ramon
73%
Sunción
73%
Stasky
64%
Oriol Lopes
55%
No se encontraron pruebas coincidentes
Distribución de puntuación
Porcentaje de gente con cada puntuación
Porcentaje por número respondido
Historial de tus puntuaciones
No has intentado esta prueba.